Normal view
MARC view
Entry Personal Name
001 - CONTROL NUMBER
- control field: 48399
003 - CONTROL NUMBER IDENTIFIER
- control field: dpl
005 - DATE AND TIME OF LATEST TRANSACTION
- control field: 20120604115818.0
008 - FIXED-LENGTH DATA ELEMENTS
- fixed length control field: 120604|||a|||||| | ||| d
040 ## - CATALOGING SOURCE
- Original cataloging agency: dpl
- Transcribing agency: dpl
100 ## - HEADING--PERSONAL NAME
- Personal name: भटनागर, योगेन्द्र नाथ
670 ## - SOURCE DATA FOUND
- Source citation: Work cat.: (dpl): भटनागर, योगेन्द्र नाथ, विज्ञान की आधुनिक उपलब्धियाँ /, 2002
670 ## - SOURCE DATA FOUND
- Source citation: Work cat.: (dpl): भटनागर, योगेन्द्र नाथ, विज्ञान की आधुनिक उपलब्धियाँ /, 2002
